| 000 -ლიდერი |
| ფიქსირებული სიგრძის საკონტროლო ველი |
01020nam a2200229Ia 4500 |
| 001 - საკონტროლო ნომერი |
| საკონტროლო ველი |
4127 |
| 003 - საკონტროლო ნომრის იდენტიფიკატორი |
| საკონტროლო ველი |
GE_BSU |
| 005 - ბოლო ოპერაციის თარიღი და დრო |
| საკონტროლო ველი |
20190919155755.0 |
| 008 - ფიქსირებული სიგრძის მონაცემთა ელემენტები - ზოგადი ინფორმაცია |
| ფიქსირებული სიგრძის საკონტროლო ველი |
181216s2004||||ge |||||||||||||| ||geo|| |
| 040 ## - კატალოგიზაციის წყარო |
| Transcribing agency |
GE_BSU |
| 041 ## - ენის კოდი |
| Language code of text/sound track or separate title |
geo |
| 080 ## - უნივერსალური ათობითი კლასიფიკაციის ინდექსი |
| Universal Decimal Classification number |
39(479.223) მ-45 |
| 100 ## - მთავარი ჩანაწერი - პიროვნების სახელი |
| Personal name |
მგელაძე, ნუგზარ |
| 9 (RLIN) |
1897 |
| 245 ## - ცნობა სათაურის შესახებ |
| Title |
აჭარული ნოგრო და გვარი / |
| Statement of responsibility, etc |
ნუგზარ მგელაძე; რედ.: ალექსი რობაქიძე ; |
| 264 ## - წარმოების, გამოცემის, დისტრიბუციის და სხვა ცნობები |
| გამოცემის, წარმოების, დისტრიბუციის... ადგილი |
ბათუმი : |
| გამოცემის, წარმოების, დისტრიბუციის... სახელწოდება |
გამ-ბა აჭარა, |
| გამოცემის, წარმოების, დისტრიბუციის... თარიღი |
2004. |
| 300 ## - ფიზიკური აღწერა |
| Extent |
310 გვ. ; |
| Other physical details |
20 სმ. |
| 653 ## - INDEX TERM--UNCONTROLLED |
| Uncontrolled term |
ქართული ოჯახი |
| 653 ## - INDEX TERM--UNCONTROLLED |
| Uncontrolled term |
ნათესაური ურთიერთობები საქართველოში |
| 700 ## - ADDED ENTRY--PERSONAL NAME |
| Personal name |
რობაქიძე, ალექსი |
| Relator term |
რედაქტორი |
| 9 (RLIN) |
4139 |
| 711 ## - ADDED ENTRY--MEETING NAME |
| Meeting name or jurisdiction name as entry element |
საქ. მეცნ. აკად., ბათუმის ს/კ ინ-ტი. |
| 9 (RLIN) |
4140 |
| 942 ## - ADDED ENTRY ELEMENTS (KOHA) |
| Koha item type |
წიგნი |
| Source of classification or shelving scheme |
|